00000000cam 2200000zi 4500
0019.960178
003CaOODSP
00520260511104838
006m     o  d f      
007cr bn|||||||||
008260219t20262026oncd    ob   f000 0 fre d
020 |a9780660985381
040 |aCaOODSP|bfre|erda|cCaOODSP
043 |an-cn---
0861 |aBT48-59/2026F-PDF
24500|aExamen indépendant sur la politique sur les services et le numérique : |brapport final / |cpréparé pour le Secrétariat du Conseil du Trésor du Canada.
264 1|a[Ottawa] : |bSecrétariat du Conseil du trésor du Canada = Treasury Board of Canada Secretariat, |c[2026]
264 4|c©2026
300 |a1 ressource en ligne (40 pages) : |bgraphiques
336 |atexte|btxt|2rdacontent/fre
337 |ainformatique|bc|2rdamedia/fre
338 |aressource en ligne|bcr|2rdacarrier/fre
500 |aTitre de la couverture.
500 |aPublié aussi en anglais sous le titre : Independent review of the policy on service and digital : final report.
500 |a« Non classifié. »
500 |a« Fournisseur : Goss Gilroy Inc. »
500 |a« Numéro de contrat : 24062-26-056. »
504 |aComprend des références bibliographiques.
650 6|aTechnologie de l'information|xPolitique gouvernementale|zCanada.
650 6|aTransmission numérique|xPolitique gouvernementale|zCanada.
650 6|aAdministration publique en ligne|zCanada.
651 6|aCanada|xServices d'information.
7101 |aCanada. |bConseil du trésor, |eorganisme de publication.
7102 |aGoss Gilroy Inc., |econsultant.
77508|tIndependent review of the policy on service and digital : |w(CaOODSP)9.960176
85640|qPDF|s517 Ko|uhttps://publications.gc.ca/collections/collection_2026/sct-tbs/BT48-59-2026-fra.pdf